000 00436nam a2200181Ia 4500
008 230524s9999 xx 000 0 und d
020 _a0070587418
082 _a5.74
_bSMI
100 _aAlex Berson
245 0 _a"Data Warehousing, Data Mining & OLAP"
250 _a3RD
260 _aNEW DELHI
_bTMH
_c2004
300 _aXXVI;612
500 _aQuantity Number: 2
650 _aComp-Sc
700 _a Stephen J.Smith
942 _cBK
999 _c7008
_d7008